000 00433nam a22001697a 4500
005 20160513172438.0
008 160513b xxu||||| |||| 00| 0 eng d
020 _a81-259-1055-7
041 _aeng
082 _b2150
100 _aR.C. Sastey
_9611
245 _aDharmic Values Human Resource & Management
260 _aNew Delhi
_bVikas Publishing House (P) Ltd.
_c2001
300 _a302
650 _aManagement
_9241
942 _cBK
999 _c788
_d788